Responses for Show #4377 - Tuesday, September 23, 2003

2003 Back to School Week game 2.

Contestants

[<< previous game]

Max Siegel, from Goldens Bridge, New York

Courtney Biscan, from Manhattan, Illinois

Miri Baker, a ten-year-old from Warner Robins, Georgia

[next game >>]

Jeopardy! Round responses

THE 1900s
WE WANT SECONDS
MY AUNTIE THE POET
ANIMATED MOVIES
NON-VIDEO GAMES
EASY SPANISH
    $200 16
the Olympics

Courtney
    $200 21
the Constitution

Max
    $200 26
Emily Dickinson

Miri
    $200 1
Aladdin

Courtney
    $200 8
Ring Around the Rosie

Courtney
    $200 6


Miri
    $400 17
a hurricane

Max
    $400 22
letters (or epistles)

Courtney
    $400 27
the Pied Piper

Miri
    $400 2
Shrek

Miri
    $400 12
hangman

Courtney
    $400 7
school

Max
    $600 18
Africa

Courtney
    $600 23
the Nobel Prize

Miri
    $600 28
[The end-of-round signal sounds.]

rhyme

Miri
    $600 3
Monsters, Inc.

Max
    $600 13
(Courtney: What is bowling?)

H-O-R-S-E

MiriCourtney
    $600 9
table

Triple Stumper
    $800 19
Hillary Clinton

Max
    $800 24
the Super Bowl

Max
    $800 4
Beauty and the Beast

Miri
    $800 14
Parcheesi

Max
    $800 10
a hundred percent

Triple Stumper
    $1000 20
a planet

Max
    $1000 25
England

Triple Stumper
    $1000 5
A Bug's Life

Triple Stumper
    $1000 15
Delaware

Max
    $1000 11
a printer for the computer

Triple Stumper

Scores at the first commercial break (after clue 15):

Miri Courtney Max
$2,000 $200 $2,800

Scores at the end of the Jeopardy! Round:

Miri Courtney Max
$3,800 $1,400 $6,000

Double Jeopardy! Round responses

WORLD CITIES
RESEARCH
NOW THAT'S BIG!
AMERICAN LITERATURE
STATES BY SCHOOL
THE DREADED SPELLING CATEGORY
    $400 11
Egypt

Triple Stumper
    $400 6
interviews

Courtney
    $400 21
an elephant

Courtney
    $400 23
Edgar Allan Poe

Max
    $400 13
Massachusetts

Max
    $400 1
M-A-G-I-C-I-A-N

Courtney
    $800 12
Bogota

Triple Stumper
    $800 7
a footnote

Triple Stumper
    $800 22
soccer

Miri
    $800 24
(Courtney: What is a mouse?)

the jumping frog of Calaveras county

Courtney
Triple Stumper
    $800 14
(Max: What is Connecticut?)

California

MiriMax
    $800 2
T-Y-P-I-C-A-L

Max
    $4,500 18
(Max: What is Munich?)
(Alex: We need the other one also.)
(Max: Oh. What is...)

Munich & Zurich

Max
    $1200 8
subject

Max
    $1200 25
the brain

Max
    $1200 15
New York

Miri
    $1200 3
C-A-M-P-A-I-G-N

Max
    $1600 19
Nice

Triple Stumper
    $1600 9
(Courtney: What is a personal ad?)

an obituary

CourtneyMax
    $4,000 26
(Max: What is a dragonfly?)
[The end-of-round signal sounds.]

a butterfly

Max
    $1600 16
Florida

Max
    $1600 4
(Miri: What is S-C-H-O-O-L-A-S-T-I-C?)
(Courtney: [*].)
...
(Alex: Courtney, I believe you spelled it correctly and you didn't put it in the form of a question and Miri, you added one "O" too many and all of that.)

S-C-H-O-L-A-S-T-I-C

MiriCourtneyMax
    $2000 20
(Miri: What is... I don't know.)

Auckland

Miri
Triple Stumper
    $2000 10
Library of Congress

Max
    $2000 17
Ohio

Max
    $2000 5
C-O-N-S-C-I-E-N-C-E

Max

Scores at the end of the Double Jeopardy! Round:

Miri Courtney Max
$3,000 -$1,400 $12,700
(lock game)

[wagering suggestions for these scores]

Final Jeopardy! Round responses

ASTRONOMY
MiriWhat is Mercury?
$2,990
MaxWhat is Mercury?
$6,000
Mercury

Final scores:

Miri Courtney Max
$5,990 -$1,400 $18,700
2nd place: $2,000 + Classroom Jeopardy! + a $1,000 Dell Computer gift certificate 3rd place: $1,000 + Classroom Jeopardy! + a $1,000 Dell Computer gift certificate Winner: $18,700 + Classroom Jeopardy! + a $1,000 Dell Computer gift certificate

Game dynamics:

Coryat scores:

Miri Courtney Max
$3,000 -$1,400 $21,200
11 R,
2 W
9 R,
4 W
21 R,
3 W
(including 2 DDs)

Combined Coryat: $22,800

[game clues] [game scores] [suggest correction]

Game tape date: 2003-08-26
The J! Archive is created by fans, for fans. Scraping, republication, monetization, and malicious use prohibited; this site may use cookies and collect identifying information. See terms. The Jeopardy! game show and all elements thereof, including but not limited to copyright and trademark thereto, are the property of Jeopardy Productions, Inc. and are protected under law. This website is not affiliated with, sponsored by, or operated by Jeopardy Productions, Inc. Join the discussion at JBoard.tv.